000 00963cam a2200277 a 4500
001 000001393
003 OSt
005 20200929145550.0
008 800723s1979 ja ab b 001 0 eng
040 _aDO-SdBNP
_bspa
_cBNPHU
100 1 _aSansom, George Bailey,
_cSir,
_d1883-
_94664
245 1 0 _aA history of Japan :
_b1334-1615 /
_cGeorge Sansom.
260 _aTokyo :
_bCharles E. Tuttle Company,
_c1979.
_greimpr. 1979
300 _a2 v. :
_bil., maps. ;
_c26 cm.
500 _aTercera reimpresión de 1979
500 _aIncluye glosario, apéndice y notas biográficas.
500 _aLa biblioteca posee el volumen 2.
504 _aIncluye referencias bibliográficas.
505 0 _gv.1
_tA history of Japan, 1615-1867--
_gv.2
_tA history of Japan to 1334.
590 _aInventariado, 2019/BT
651 4 _aJapón
_xHistoria
_94665
651 4 _aJapón
_xCivilización
_94666
651 4 _aJapón
_xReligión
_94667
942 _2ddc
_cLF1
956 _aLOPEREZ
999 _c1315
_d1315